000 00225nam a2200097Ia 4500
008 240331s9999 xx 000 0 und d
082 _bPOP
100 _aPope, G.U
245 2 _aA compendious Tamil English dictionary
942 _cL
999 _c3221
_d3221